00297nam a2200121Ia 4500100003000000650002700030654000900057245003100066260004600097082001200143300000800155546001200163 aHoward. W sams Ed. staff  aElectrical Engineering aT.V. aColor T.V. training manual bD.B.Taraporevala & SonsaNew Delhic1982 a621.388 a232 aENGLISH